| 000 | 00888cab a2200229 4500 | ||
|---|---|---|---|
| 001 | ABS39693 | ||
| 008 | 090401t1988 xxu||||| |||| 00| 0 eng d | ||
| 035 | _a(Sirsi) u18347 | ||
| 041 | _aeng | ||
| 100 | _aEdwards, A. | ||
| 245 | _aCovering all parties with a sound collateral agreement | ||
| 260 | _c1988 | ||
| 350 | _a0 | ||
| 490 |
_aEstates Times _v962 16 September 1988, 13(1) |
||
| 520 | _aThe second of two articles by the authors considers the need for collateral agreements in order to avoid the problems which occurred in D&F Estates and Cementation Piling (See Abstract ). Outlines the elements a collateral agreement might contain, who should be asked to give them and how they can be used to best advantage. | ||
| 650 | _aCONTRACT | ||
| 650 | _aTENDER DOCUMENTS | ||
| 690 | _aBUILT ENVIRONMENT | ||
| 700 | _aGniadkowski, S. | ||
| 942 | _n0 | ||
| 948 | _c04/03/1997 | ||
| 999 |
_c12184 _d12184 |
||